1507 1303 1298 1319 1518 1376 1591 1185 1794 1941 1200 1872 1498 1796 1488 1116 1819 1544 1864 1737 1927 1734 1489 1157 1704 1700 1343 1354 1884 1904 1549 1367 1439 1485 1775 1684 1334 1219 1336 1104 1474 1944 1375 1657 1448 1631 1581 1365 1909 1323 1072 1384 1424 1228 1979 1800 1137 1268 1041 1772 1487 1486 1399 1087 1703 1991 1417 1181 1977 1601 1744 1407 1143 1393 1602 1674 1567 1156 1011 1273 1655 1489 1638 1914 1080 1570 1916 1705 1654 1244 1262 1344 1079 1795 1745 1805 1332 1472 1965 BCNSPRNW ULIB Ver.6.0+V

เปลี่ยนเป็นภาษาไทย

Change to English
 แสดงรายละเอียดบรรณานุกรม
  กลับหน้าหลัก

Brief Record : Get Marc (ISO 2709) : E-mail record : QR code < ปิดหน้าต่าง
LEADER : 00000nam 2200000uu 4500
001    13399110921
003     ULIB
008    110613s||||||||th 000 0 tha d
020    9749183320
050  4 AC158^bจ829ด 2004
100    แจ๊กกี้ ก๊าฟฟ์
245    เด็กๆรู้ไหมทำไมบนยอดเขามีหิมะ/ ^cผู้แต่ง แจ๊กกี้ ก๊าฟฟ์
260    กรุงเทพฯ : ^bโกรเลียร์ อินเตอร์เนชั่นแนล, ^c2004
300    32 หน้า : ^bภาพประกอบสี ; ^c28 ซม.
650  7 ความรู้รอบตัว
650  7 หิมะ
650  7 ภูเขา
945    ^p350^l0^i029017
995    ทศพร
999 ^a ใช้งานได้ทุกระบบ
รายการนี้ยังไม่มีแท็ก
คุณยังไม่ได้ล็อกอิน คุณสามารถมีกิจกรรมร่วมกับเว็บไซต์ได้ แต่ต้องล็อกอินก่อน ::
  ล็อกอิน

รายการสื่อสารสนเทศ

ลำดับที่ ประเภท เลขเรียก/บาร์โค้ด สถานที่ สถานะ
- ไม่พบข้อมูล -

รายการใกล้เคียง
    ผู้แต่ง [แจ๊กกี้ ก๊าฟฟ์]

    หัวเรื่อง [ความรู้รอบตัว]

BibComment


ยังไม่เคยถูกคอมเมนท์

คอมเมนท์ทรัพยากรรายการนี้
  คอมเมนท์: เด็กๆรู้ไหมทำไมบน..


 Copyright 2026. Bcnsprnw @Library